000 00568nam a2200217Ia 4500
005 20241129120255.0
008 241129s9999||||xx |||||||||||||| ||und||
020 _a9781138347786
037 _aTB
040 _aSDCL
_beng
_cSDCL
041 _aeng
_2eng
084 _aY15-738.2'P R3
_qSDCL
100 _aAgrawal Anuja
245 0 _aChaste wives and prostitute sisters
260 _aDelhi
_bRoutledge India
_c2023
300 _a251p.
365 _aINR
_b1295
650 _aHistory
942 _cTB
_hY15-738.2'P R3
999 _c1234108
_d1234108